000 02351cam a22003617a 4500
999 _c27040
_d27040
001 13443929
003 OSt
005 20170207105850.0
008 031224s2003 nyua bc 001 0deng
010 _a 2003536801
020 _a0870702424 (paper)
020 _a0870702416 (cl.)
035 _a(OCoLC)ocm52300793
040 _aRSG
_cRSG
_dSMI
_dCAD
_dSYB
_dWCM
_dDLC
042 _alccopycat
050 0 0 _aN6888.B4
_bA4 2003
082 0 0 _a709/.2
_222
100 1 _aBeckmann, Max,
_d1884-1950.
245 1 0 _aMax Beckmann /
_cedited by Sean Rainbird.
260 _a[New York] :
_bMuseum of Modern Art :
_bDistributed in the United States and Canada by D.A.P./Distributed Art Publishers,
_cc2003.
300 _a293 p. :
_bill. (some col.) ;
_c28 cm.
500 _aCatalog of an exhibition held at Centre Georges Pompidou, Paris, Sept. 10, 2002-Jan. 6, 2003, Tate Modern, London, Feb. 12-May 5, 2003, MoMA QNS, New York, June 25-Sept. 30, 2003.
504 _aIncludes bibliographical references (p. 284-285) and index.
505 0 0 _gThe
_tBeckmann effect /
_rRobert Storr --
_tImages of the times in Beckmann's early work /
_rSean Rainbird --
_tBeckmann's Frankfurt cityscapes : concepts of space /
_rSusanne Bieber --
_gThe
_tpainter at the beach : Beckmann's Italian paintings /
_rNina Peter --
_tBeckmann and the triptych : a sacred form in the context of modernism /
_rAnette Kruszynski --
_tBeckmann's lucid somnambulism /
_rDidier Ottinger --
_tLeon Golub on Beckmann --
_gA
_tgathering storm : Max Beckmann and cultural politics 1925-38 /
_rSean Rainbird --
_tWallenstein in red /
_rBarbara Copeland Buenger --
_tBeckmann's Death /
_rWilliam Kentridge --
_tBeckmann : exile in Amsterdam 1937-47 /
_rJill Lloyd --
_tBoston, Beckmann and after /
_rEllsworth Kelly --
_tPoetics of space : Beckmann's Falling Man /
_rCharles W. Haxthausen.
600 1 0 _aBeckmann, Max,
_d1884-1950
_vExhibitions.
600 1 0 _aBeckmann, Max,
_d1884-1950
_xCriticism and interpretation.
700 1 _aRainbird, Sean.
710 2 _aMuseum of Modern Art (New York, N.Y.)
710 2 _aCentre Georges Pompidou.
710 2 _aTate Modern (Gallery)
906 _a7
_bcbc
_ccopycat
_d2
_encip
_f20
_gy-gencatlg
942 _2lcc
_cBOOKS
_hN 6888 .B4A4 2003